The noble scholar, jurist, historian


 His Excellency Dr. Abdul Wahhab bin Ibrahim Abu Sulaiman, may Allah have mercy on him.


 He was born in Umm Al-Qura in the year 1356 AH.

كتاب التحقيقات الابتدائية في الأمور الجزائية / (Record no. 14670)

MARC details
000 -LEADER
fixed length control field 01280cam a22002771i 4500
003 - CONTROL NUMBER IDENTIFIER
control field OSt
005 - DATE AND TIME OF LATEST TRANSACTION
control field 20260317130110.0
008 - FIXED-LENGTH DATA ELEMENTS--GENERAL INFORMATION
fixed length control field 260212s1898 le f 000 0 ara c
040 ## - CATALOGING SOURCE
Original cataloging agency SA-MaUQU
Language of cataloging ara
Transcribing agency SA-RiAUC
Description conventions rda
041 1# - LANGUAGE CODE
Language code of text/sound track or separate title ara
Language code of original tur
043 ## - GEOGRAPHIC AREA CODE
Geographic area code a-tu---
082 04 - DEWEY DECIMAL CLASSIFICATION NUMBER
Classification number 345.5610773
Assigning agency SA-RiAUC
090 ## - LOCALLY ASSIGNED LC-TYPE CALL NUMBER (OCLC); LOCAL CALL NUMBER (RLIN)
Classification number (OCLC) (R) ; Classification number, CALL (RLIN) (NR) م ن 345.5610773
Local cutter number (OCLC) ; Book number/undivided call number, CALL (RLIN) ك ت ا
245 00 - TITLE STATEMENT
Title كتاب التحقيقات الابتدائية في الأمور الجزائية /
Statement of responsibility, etc. ترجمة من التركية إلى العربية محمد توفيق أفندي المرعشلي.
264 #1 - PRODUCTION, PUBLICATION, DISTRIBUTION, MANUFACTURE, AND COPYRIGHT NOTICE
Place of production, publication, distribution, manufacture بيروت :
Name of producer, publisher, distributor, manufacturer المكتبة العمومية،
Date of production, publication, distribution, manufacture, or copyright notice 1898
264 #3 - PRODUCTION, PUBLICATION, DISTRIBUTION, MANUFACTURE, AND COPYRIGHT NOTICE
Place of production, publication, distribution, manufacture بيروت :
Name of producer, publisher, distributor, manufacturer المطبعة العلمية ليوسف إبراهيم
300 ## - PHYSICAL DESCRIPTION
Extent 200 صفحة ؛
Dimensions 29 سم
336 ## - CONTENT TYPE
Content type term نص
Content type code txt
Source rdacontent
Materials specified كتاب
337 ## - MEDIA TYPE
Media type term بدون وسيط
Media type code n
Source rdamedia
338 ## - CARRIER TYPE
Carrier type term مجلد
Carrier type code nc
Source rdacarrier
650 #7 - SUBJECT ADDED ENTRY--TOPICAL TERM
Topical term or geographic name entry element قانون العقوبات
Geographic subdivision تركيا
Chronological subdivision الإمبراطورية العثمانية، 1288-1918
Source of heading or term aucsh
650 #7 - SUBJECT ADDED ENTRY--TOPICAL TERM
Topical term or geographic name entry element القانون الجنائي
Geographic subdivision تركيا
Chronological subdivision الإمبراطورية العثمانية، 1288-1918
Source of heading or term aucsh
700 1# - ADDED ENTRY--PERSONAL NAME
Personal name المرعشلي، محمد توفيق،
Titles and other words associated with a name أفندي
Relator term مترجم.
942 ## - ADDED ENTRY ELEMENTS (KOHA)
Source of classification or shelving scheme Dewey Decimal Classification
Koha item type كتاب مصور نادر
Suppress in OPAC No
949 ## - LOCAL PROCESSING INFORMATION (OCLC)
a SA-JeALM
d 260212
u mohamedma123
n 1
Holdings
Withdrawn status Lost status Source of classification or shelving scheme Damaged status Not for loan Home library Current library Date acquired Total checkouts Full call number Barcode Date last seen Price effective from Koha item type
    Dewey Decimal Classification     DR AbdElwahab Library DR AbdElwahab Library 03/17/2026   م ن 345.5610773 ك ت ا 000023191 03/17/2026 03/17/2026 كتاب مصور نادر